| 000 | 00601nam a2200205 a 4500 | ||
|---|---|---|---|
| 005 | 20220603063600.0 | ||
| 008 | 991125s1987 mx 000 0 spa u | ||
| 020 | _a9682911478 | ||
| 035 | _aUPN01000050450 | ||
| 049 | _aI | ||
| 050 | 4 |
_aPZ73 _bG6.7 |
|
| 100 | 1 | _aGómez, Nuria | |
| 245 | 1 | 0 |
_aRafa : _bel niño invisible / _ccuento de Nuria Gómez ; dibs. de Maripe Fenton. |
| 260 |
_aMéxico : _bSEP, _c1987. |
||
| 300 |
_a[32] p. : _bil. |
||
| 440 | 0 | _aChipichipi | |
| 500 | _aIncluye facsímil al final de la obra en formato de 6 mm | ||
| 650 | 4 |
_aCuentos infantiles _96744 |
|
| 905 | _aInfantil | ||
| 999 |
_c50450 _d50450 |
||